000 00749nam a2200253 i 4500
001 C2-0231240
003 PPAK
005 20180728084330.0
008 001115s my a|||| ||||| | may d
020 _a9830841529
040 _aPPAK
_beng
_cPPAK
_erda
082 0 4 _a297.18
_223
090 0 0 _a297.18
_bZUB
_dK
245 0 0 _aZubair Al-Awwam
264 1 _aKuala Lumpur :
_bKiddibird Sdn. Bhd. ,
_c[date of publication not identified]
300 _a[15 pages] :
_bcolour illustrations ;
_c26 cm
336 _2rdacontent
_atext
337 _2rdamedia
_aunmediated
338 _2rdacarrier
_avolume
490 1 _aSiri sahabat Rasulullah S.A.W.
650 1 0 _aIslamic stories, Malay
830 0 _aSiri sahabat Rasulullah S.A.W.
942 _ddc
_cB
999 _c150672
_d150672